<?xml version="1.0" encoding="UTF-8"?>
<record
    xmlns:xsi="http://www.w3.org/2001/XMLSchema-instance"
    xsi:schemaLocation="http://www.loc.gov/MARC21/slim http://www.loc.gov/standards/marcxml/schema/MARC21slim.xsd"
    xmlns="http://www.loc.gov/MARC21/slim">

  <leader>02336nam a22002297a 4500</leader>
  <controlfield tag="005">20240319092836.0</controlfield>
  <controlfield tag="008">240319b           ||||| |||| 00| 0 eng d</controlfield>
  <datafield tag="020" ind1=" " ind2=" ">
    <subfield code="a">9781032425207</subfield>
  </datafield>
  <datafield tag="040" ind1=" " ind2=" ">
    <subfield code="c">AL</subfield>
  </datafield>
  <datafield tag="041" ind1=" " ind2=" ">
    <subfield code="a">eng</subfield>
  </datafield>
  <datafield tag="082" ind1=" " ind2=" ">
    <subfield code="2">23</subfield>
    <subfield code="a">540</subfield>
    <subfield code="b">RUMC</subfield>
  </datafield>
  <datafield tag="100" ind1=" " ind2=" ">
    <subfield code="a">John R Rumble</subfield>
    <subfield code="9">155198</subfield>
  </datafield>
  <datafield tag="245" ind1=" " ind2=" ">
    <subfield code="a">CRC Handbook of Chemistry and Physics</subfield>
    <subfield code="b">: a ready reference book of chemical and physical data</subfield>
  </datafield>
  <datafield tag="250" ind1=" " ind2=" ">
    <subfield code="a">104th ed.</subfield>
  </datafield>
  <datafield tag="260" ind1=" " ind2=" ">
    <subfield code="a">Boca Raton</subfield>
    <subfield code="b">CRC Press</subfield>
    <subfield code="c">2023</subfield>
  </datafield>
  <datafield tag="300" ind1=" " ind2=" ">
    <subfield code="a">xxiii,1435p.</subfield>
    <subfield code="b">HB</subfield>
    <subfield code="c">28.5x21.5cm.</subfield>
  </datafield>
  <datafield tag="365" ind1=" " ind2=" ">
    <subfield code="2">General</subfield>
    <subfield code="a">7743</subfield>
    <subfield code="b">&#x20B9;14480.28</subfield>
    <subfield code="c">&#x20B9;</subfield>
    <subfield code="d">&#x20B9;19836.00</subfield>
    <subfield code="e">27%</subfield>
    <subfield code="f">15-02-2024</subfield>
  </datafield>
  <datafield tag="520" ind1=" " ind2=" ">
    <subfield code="a">High Quality Science requires High Quality Data! Today, more than ever, the CRC Handbook of Chemistry and Physics is critical in ensuring that researchers, educators, and students have the highest quality data for chemical compounds and physical particles. Available both in print and online, the Handbook covers 390 chemistry, physics, and related subjects organized in easy-to-find, well-organized tables. Every year, new reported data and new scientific areas are added, making the Handbook the largest comprehensive physical science data source available anywhere.
The 104th Edition of the Handbook has been completely reorganized to meet the needs of today&#x2019;s scientists. The first section has property data on the elements, organic and inorganic compounds, water, bio-medical compounds, and polymers. Other sections focus on applications of chemical and physical data, data of importance in laboratory work, and information of units and nomenclature. The purpose of the reorganization is to make sure users can easily find all data on related subjects.
Handbook features include:
All data reviewed and evaluated by subject matter experts
Standardized chemical names, structures, property names, and property units
Important information on subjects such as chemical and laboratory safety, and nomenclature
Chemical and physical data critical for fields such as environmental science, bio-medical chemistry, organic and inorganic chemistry, materials innovation, geo- and astrophysics, and solid-state science
Digital tools in our Online Edition to analyze, graph, process, and exploit our data content.</subfield>
  </datafield>
  <datafield tag="650" ind1=" " ind2=" ">
    <subfield code="2">Chemistry</subfield>
    <subfield code="a">Chemistry</subfield>
    <subfield code="9">155199</subfield>
  </datafield>
  <datafield tag="700" ind1=" " ind2=" ">
    <subfield code="a">Bruno, Thomas J; Doa, Maria J</subfield>
    <subfield code="9">155200</subfield>
  </datafield>
  <datafield tag="942" ind1=" " ind2=" ">
    <subfield code="2">ddc</subfield>
    <subfield code="c">BK</subfield>
  </datafield>
  <datafield tag="999" ind1=" " ind2=" ">
    <subfield code="c">230489</subfield>
    <subfield code="d">230489</subfield>
  </datafield>
  <datafield tag="952" ind1=" " ind2=" ">
    <subfield code="0">0</subfield>
    <subfield code="1">0</subfield>
    <subfield code="2">ddc</subfield>
    <subfield code="4">0</subfield>
    <subfield code="7">3</subfield>
    <subfield code="8">AC</subfield>
    <subfield code="a">SACPG</subfield>
    <subfield code="b">SACPG</subfield>
    <subfield code="d">2024-03-01</subfield>
    <subfield code="e">Biblios Book Point</subfield>
    <subfield code="g">14480.28</subfield>
    <subfield code="l">0</subfield>
    <subfield code="o">540 RUMC</subfield>
    <subfield code="p">PG024677</subfield>
    <subfield code="r">2024-03-19 00:00:00</subfield>
    <subfield code="v">19836.00</subfield>
    <subfield code="w">2024-03-19</subfield>
    <subfield code="y">BK</subfield>
  </datafield>
</record>
